01122 2200277 4500001002100000005001500021035002000036007000300056008004100059020001800100082000800118084001400126100003600140245013600176250002000312300002500332650002200357505028100379740003900660264003900699336002100738337003000759338002300789990001600812990001600828INLIS00000000000001620260409093444 a0010-0426000015ta260409 g 0 ind  a9789790633094 a158 a158 MUR s0 aMurti, Tendi KrishnaePengarang1 aStop belajar!!! kalau ingin pintar /cTendi Krishna Murti ; editor, Endah H.S. ; desain cover, Dika MDP ; layout, Mega Dian Perkasa acetakan pertama a240 halaman ;c16 cm 4aPengembangan Diri abuku pengembangan diri yang menawarkan strategi belajar efektif dengan pendekatan revolusioner. Buku ini mengajak pembaca, mulai dari pelajar hingga karyawan, untuk mengubah pola pikir dari sekadar menghafal menjadi memahami makna dan manfaat belajar melalui 9 langkah praktis aStop belajar!!! kalau ingin pintar aJakarta :bPenerbit Bestari,c2012 2rdacontentateks 2rdamediaatanpa perantara 2rdacarrieravolume aPP000026/19 aPP002695/19